Fundamentals of information and Communication Technologies (Record no. 554205)
[ view plain ]
| 000 -LEADER | |
|---|---|
| fixed length control field | 00361nam a22001337a 4500 |
| 082 ## - DEWEY DECIMAL CLASSIFICATION NUMBER | |
| Classification number | CP-87 |
| 100 ## - MAIN ENTRY--PERSONAL NAME | |
| Personal name | Somana |
| 9 (RLIN) | 51521 |
| 245 ## - TITLE STATEMENT | |
| Title | Fundamentals of information and Communication Technologies |
| Remainder of title | Cs 100 Course Pack |
| 260 ## - PUBLICATION, DISTRIBUTION, ETC. | |
| Place of publication, distribution, etc. | Risalpur, |
| Name of publisher, distributor, etc. | MCE, |
| Date of publication, distribution, etc. | 2018. |
| 300 ## - PHYSICAL DESCRIPTION | |
| Extent | different pages |
| 526 ## - STUDY PROGRAM INFORMATION NOTE | |
| Program name | 0 |
| Interest level | 0 |
| Reading level | 0 |
| Title point value | CP_87 |
| 700 ## - ADDED ENTRY--PERSONAL NAME | |
| Personal name | Razia |
| 9 (RLIN) | 51522 |
| 942 ## - ADDED ENTRY ELEMENTS (KOHA) | |
| Source of classification or shelving scheme | |
| Koha item type | Book |
| Withdrawn status | Lost status | Source of classification or shelving scheme | Damaged status | Not for loan | Permanent Location | Current Location | Date acquired | Total Checkouts | Full call number | Barcode | Date last seen | Price effective from | Koha item type |
|---|---|---|---|---|---|---|---|---|---|---|---|---|---|
| Military College of Engineering (MCE) | Military College of Engineering (MCE) | 03/21/2019 | CP-87 | MCE-CP-87 | 03/21/2019 | 03/21/2019 | Book |
